Distritos de Córdoba - Estadísticas

Estadísticas generales
  • Esta prueba ha sido intentada 47 veces
  • La puntuación promedio es 4 de 10
Estadísticas de respuestas
Pista Respuesta % Correcto
1 Centro
88%
2 Levante
61%
4 Sur
58%
5 Poniente - Sur
42%
6 Poniente - Norte
39%
7 Noroeste
36%
3 Sureste
21%
8 Norte - Sierra
21%
9 Periurbano Este - Campiña
12%
10 Periurbano Oeste -Sierra
12%
No se encontraron pruebas coincidentes
Distribución de puntuación
Porcentaje de gente con cada puntuación
Porcentaje por número respondido
Historial de tus puntuaciones
No has intentado esta prueba.